Du lịch ba miền
Sách cung cấp những thông tin cần thiết về địa lý, lịch sử cũng như gợi ý vài các chi tiêu đơn giản cho một chuyến du lịch tham quan danh lam, thắng cảnh của quê hương
में बचाया:
| मुख्य लेखक: | |
|---|---|
| स्वरूप: | पुस्तक |
| भाषा: | Undetermined |
| प्रकाशित: |
Thành phố Hồ Chí Minh
Trẻ
1998
|
| विषय: | |
| टैग : |
टैग जोड़ें
कोई टैग नहीं, इस रिकॉर्ड को टैग करने वाले पहले व्यक्ति बनें!
|
| Thư viện lưu trữ: | Trung tâm Học liệu Trường Đại học Cần Thơ |
|---|
| LEADER | 00798nam a2200217Ia 4500 | ||
|---|---|---|---|
| 001 | CTU_32621 | ||
| 008 | 210402s9999 xx 000 0 und d | ||
| 020 | |b 18.000đ | ||
| 082 | |a 915.97 | ||
| 082 | |b B566/T.1 | ||
| 100 | |a Bửu Ngôn | ||
| 245 | 0 | |a Du lịch ba miền | |
| 245 | 0 | |c Bửu Ngôn | |
| 260 | |a Thành phố Hồ Chí Minh | ||
| 260 | |b Trẻ | ||
| 260 | |c 1998 | ||
| 520 | |a Sách cung cấp những thông tin cần thiết về địa lý, lịch sử cũng như gợi ý vài các chi tiêu đơn giản cho một chuyến du lịch tham quan danh lam, thắng cảnh của quê hương | ||
| 650 | |a Vietnam | ||
| 650 | |x description and travel | ||
| 904 | |i Minh | ||
| 980 | |a Trung tâm Học liệu Trường Đại học Cần Thơ | ||